Algériens célèbres par images - Statistiques

Statistiques générales
  • Ce quiz a été pris 2 306 fois
  • Le résultat moyen est 7 sur 12
Statistiques - réponses
Par images Réponse % Correct
Riyad Mahrez
93%
Soolking
92%
Abdelaziz Bouteflika
89%
Khaled
85%
Cheb Hasni
70%
Houari Boumédiène
60%
Abd el-Kader
52%
Cheb Mami
48%
Idir
48%
Rachid Taha
26%
Cheb Azzeddine
13%
Saint-Augustin
13%
Aucun quiz correspondant
Distribution des résultats
% des personnes avec chaque résultat
Percentile par nombre de réponses
Votre historique - résultats
Vous n’avez pas pris ce quiz